000 00588cam a22002053a 4500
001 36864
003 PGUSA
005 20140828083815.0
008 110726s2011||||xxu|||||s|||||000 | eng d
040 _aPGUSA
_beng
042 _adc
100 1 _aBaldwin, James,
_d1841-1925
245 1 0 _aSchool Reading by Grades :
_bSixth Year
_h[electronic resource] /
_cJames Baldwin
260 _bProject Gutenberg,
_c2011
506 _aPublic domain in the USA.
516 _aElectronic text
830 0 _aProject Gutenberg
_v36864
856 4 0 _uhttp://www.gutenberg.org/ebooks/36864
942 _cEB
999 _c266119
_d266119